00740nam a22002178a 450000500170000000800410001701000140005802000270007203500130009903700150011204000180012708200120014524500840015726000400024127000810028130000260036265100380038865100420042665100360046870000180050420090616121713.0090417s2009 ii 000 0 eng  aENG-94024 a9788178299495 c595.00 aEN-77557 bDBAD / PUB adplbEnglish  a330.954 aSocio-political and economic challenges in South Asia /cedited by Tan Tai Yong aNew Delhi bSAGE Publicationsc2009 aB1/I-1 Mohan Cooperative Industrial Area, Mathura Road, bNew Delhi e110044 axix, 169p.c22cm(Hb)  aAsia, SouthxEconomic conditions. aAsia, SouthxPolitics and government. aAsia, SouthxSocial conditions. aTan, Tai Yong